Eliminate European Cities - Sudden Death - Statistics

General Stats
  • This quiz has been taken 92,387 times
  • The average score is 22 of 40
Answers on the Map
Answers color-coded by a green-red scale on the quiz's map according to % correct below.
 
Answer Stats
Answer % Correct
Hamburg
91%
Frankfurt
90%
Berlin
89%
Munich
87%
Stuttgart
82%
Cologne
79%
Nuremburg
77%
Paris
69%
Milan
63%
Nice
63%
Rome
63%
Lyon
62%
Marseille
62%
Naples
62%
Toulouse
60%
Madrid
58%
Barcelona
57%
Lisbon
55%
Turin
54%
Moscow
53%
Seville
53%
Valencia
53%
Palermo
52%
Porto
52%
Strasbourg
52%
Bilbao
50%
Warsaw
47%
Kyiv
45%
Volgograd
45%
Krakow
43%
Gdansk
37%
Odesa
36%
Katowice
34%
Kharkiv
34%
Dnipro
32%
Lodz
32%
Szczecin
30%
Ufa
25%
Perm
24%
Samara
23%
No matching quizzes found
Score Distribution
Percent of People with Each Score
Percentile by Number Answered
Your Score History
You have not taken this quiz